Statistiken für Länder der Welt im Jahr 1914 auf einer Karte

Klicken Sie hier um das Quiz zu spielen!

Allgemein

  • Dieses Quiz wurde 1,027 mal gespielt
  • Das Durchschnittsergebnis liegt bei 52 aus 59

Antwortstatistiken

Country % Korrekt
Kanada
98%
Russland
98%
Vereinigte Staaten
98%
Frankreich
98%
Deutschland
97%
Vereinigtes Königreich
97%
China
97%
Spanien
97%
Italien
96%
Australien
96%
Mexiko
96%
Portugal
96%
Japan
95%
Schweden
95%
Norwegen
95%
Brasilien
95%
Österreich-Ungarn
94%
Chile
94%
Belgien
93%
Niederlande
93%
Argentinien
93%
Südafrika
93%
Dänemark
93%
Peru
92%
Kuba
91%
Persien
91%
Griechenland
91%
Uruguay
90%
Bolivien
90%
Neuseeland
89%
Schweiz
89%
Paraguay
89%
Kolumbien
89%
Panama
89%
Venezuela
89%
Siam
87%
Nepal
87%
Bulgarien
85%
Ecuador
84%
Serbien
84%
Rumänien
84%
Luxemburg
82%
Osmanisches Reich
82%
Honduras
82%
Haiti
82%
Albanien
82%
Liechtenstein
80%
Andorra
79%
San Marino
78%
Monaco
78%
Nicaragua
78%
Äthiopien
78%
Costa Rica
77%
Dominikanische Republik
77%
Guatemala
77%
El Salvador
74%
Montenegro
67%
Liberia
65%
Neufundland
54%

Verteilung der Resultate

Perzentil nach korrekt beantworteten Fragen

Anzahl Personen mit jedem Resultat

Ihre Resultats-Entwicklung

Sie haben dieses Quiz noch nicht gespielt